Amin and Karim
| Main Author: | |
|---|---|
| Format: | Book |
| Published: |
Kuala lumpur :
Goodmark Enterprise ,
1996
|
| Series: | Bukit Kiara young reader series
|
MARC
| LEADER | 00000cam a2200000 7i4500 | ||
|---|---|---|---|
| 001 | 0000007137 | ||
| 002 | 000007680 | ||
| 005 | 20000330.0 | ||
| 020 | |a 980571467 | ||
| 090 | 0 | 0 | |a JF |b ABD |
| 100 | 0 | |a Abd.Hadi | |
| 245 | 1 | 4 | |a Amin and Karim |c Abd Hadi |
| 260 | |a Kuala lumpur : |b Goodmark Enterprise , |c 1996 | ||
| 300 | |a 24p. : |b ill. ; |c 28cm. | ||
| 490 | 0 | |a Bukit Kiara young reader series | |
| 999 | |a 054773 |b BUKU |c PINJAMAN |e PERPUSTAKAAN KOMUNITI CAW KOTA DAMANSARA | ||